V tajných službách Marie Antoinetty. Krvavé zlato Inků /
Druhý díl komediální detektivní série ze dvora Marie Antoinetty.
Uloženo v:
| Série: | V tajných službách Marie Antoinetty,
část 2 |
|---|---|
| Hlavní autor: | |
| Další autoři: | |
| Médium: | E-kniha |
| Jazyk: | Czech |
| Vydáno: |
V Praze :
Garamond,
2025
|
| Vydání: | Vydání první |
| Témata: | |
| Příbuzné jednotky: | Z cyklu::
V tajných službách Marie Antoinetty |
| Tagy: |
Žádné tagy |
| LEADER | 02870nam a2200505 i 4500 | ||
|---|---|---|---|
| 001 | 312728 | ||
| 003 | CZ PrSKC | ||
| 005 | 20260601215727.0 | ||
| 007 | ta | ||
| 008 | 250515s2025 xr g 000 f cze | ||
| 015 | |a cnb003684185 | ||
| 020 | |a 9788074077067 |q (brožováno) : |c Kč 349,00 | ||
| 035 | |a (OCoLC)1527577628 | ||
| 040 | |a ABG001 |b cze |e rda | ||
| 041 | 1 | |a cze |h fre | |
| 072 | 7 | |a 821.133.1-3 |x Francouzská próza, francouzsky psaná |2 Konspekt | |
| 080 | |a 821.133.1-31 |2 MRF | ||
| 080 | |a (0:82-312.4) |2 MRF | ||
| 080 | |a (0:82-311.6) |2 MRF | ||
| 100 | 1 | |a Lenormand, Frédéric, |d 1964- |7 mzk2006343198 |4 aut | |
| 240 | 1 | 0 | |a Pas de répit pour la reine. |l Česky |
| 245 | 1 | 0 | |a V tajných službách Marie Antoinetty. |p Krvavé zlato Inků / |c Frédéric Lenormand ; z francouzského originálu Au service secret de Marie-Antoinette - Pas de répit pour la reine ... přeložila Marta Darom |
| 246 | 3 | 0 | |a Krvavé zlato Inků |
| 250 | |a Vydání první | ||
| 264 | 1 | |a V Praze : |b Garamond, |c 2025 | |
| 300 | |a 236 stran ; |c 20 cm | ||
| 336 | |a text |b txt |2 rdacontent | ||
| 337 | |a bez média |b n |2 rdamedia | ||
| 338 | |a svazek |b nc |2 rdacarrier | ||
| 520 | 2 | |a Druhý díl komediální detektivní série ze dvora Marie Antoinetty. |b Francii se nedostávají potraviny a právě vypukla takzvaná "válka o mouku". Krále Ludvíka XVI. jako by to ovšem nezajímalo a nadále se věnuje jen svým koníčkům: zámkům a hodinám. Úkolu nasytit své poddané se musí ujmout královna Marie Antoinetta. Rozhodne se zmocnit tajemného inckého pokladu, který doprovází temná historie, a každého, kdo se pokusí zlato získat, stíhá jedno prokletí za druhým! Královna musí opět najmout své věrné služebníky modistku Rose Bertinovou a kadeřníka Léonarda Autiera, aby jí pomohli poklad vypátrat. Nakladatelská anotace. | |
| 655 | 7 | |a francouzské romány |7 fd132289 |2 czenas | |
| 655 | 7 | |a detektivní romány |7 fd132010 |2 czenas | |
| 655 | 7 | |a historické romány |7 fd132414 |2 czenas | |
| 655 | 9 | |a French fiction |2 eczenas | |
| 655 | 9 | |a detective novels |2 eczenas | |
| 655 | 9 | |a historical novels |2 eczenas | |
| 700 | 1 | |a Darom, Marta |7 xx0177147 |4 trl | |
| 765 | 1 | |t Au service secret de Marie-Antoinette | |
| 787 | 0 | 8 | |i Z cyklu: |t V tajných službách Marie Antoinetty |g 2 |
| 900 | |a ABA001 |b 20 | ||
| 928 | 9 | |a Albatros Media - Garamond | |
| 044 | |a xr | ||
| 910 | |a RBIT002 | ||
| 998 | |d 420491 |a https://core.palmknihy.cz/api/books/420491/cover?swehwy |b https://core.palmknihy.cz/api/books/420491/cover/400?swehwy |c https://core.palmknihy.cz/api/books/420491/cover/50?swehwy |e 2031-01-03 |g 240 |i 9788074077067 |j https://core.palmknihy.cz/api/books/420491/preview.epub |k https://core.palmknihy.cz/api/books/420491/preview.pdf |l |q 49 |r 1 |s https://www.palmknihy.cz/kniha/420491 |t ebook |y 2025 |z 0 |v V tajných službách Marie Antoinetty |w 2 | ||
| 999 | |d 312726 | ||